Logo BPK

Biblioteka

Politechniki Koszalińskiej

Pociągi pod specjalnym nadzorem ; (Rekord nr 55664)

Szczegóły MARC
000 -ETYKIETA REKORDU
podpole kontrolne o stałej długości 01029nam a2200313 i 4500
001 - NUMER KONTROLNY REKORDU
pole kontrolne bg
020 ## - MIĘDZYNARODOWY ZNORMALIZOWANY NUMER KSIĄŻKI - ISBN
ISBN 8389651729
020 ## - MIĘDZYNARODOWY ZNORMALIZOWANY NUMER KSIĄŻKI - ISBN
ISBN 8497897242
040 ## - ŹRÓDŁO KATALOGOWANIA
Instytucja, która utworzyła rekord BPK
041 1# - KOD JĘZYKA
Kod języka tekstu pol
Kod języka oryginału cze
044 ## - KOD KRAJU WYDAWCY/PRODUCENTA
Kod kraju wydawcy/producenta POL
080 ## - UNIWERSALNA KLASYFIKACJA DZIESIĘTNA - UKD
UKD 821.162.3-3
920 ## - Międzynarodowy znormalizowany numer książki – ISBN
ISBN 83-89651-76-9
920 ## - Międzynarodowy znormalizowany numer książki – ISBN
ISBN 84-9789-724-2
008 - POLE O STAŁEJ DŁUGOŚCI - DANE KONTROLNE
podpole kontrolne o stałej długości s pl f |000 0 pol
100 1# - NAZWA OSOBOWA
Nazwa osobowa Hrabal, Bohumil
Daty związane z nazwą (1914-1997).
245 10 - TYTUŁ/ODPOWIEDZIALNOŚĆ
Tytuł Pociągi pod specjalnym nadzorem ;
Ciąg dalszy tytułu Postrzyżyny /
Pozostałe elementy strefy tytułu i oznaczenia odpowiedzialności Bohumil Hrabal ; przekł. Andrzej Czcibor-Piotrows
246 ## - WARIANT TYTUŁU
Treść wyrażenia wprowadzającego Tyt. oryg.:
Tytuł Ostře sledované vlak
246 ## - WARIANT TYTUŁU
Treść wyrażenia wprowadzającego Tyt. oryg.:
Tytuł Postřižiny
260 ## - STREFA ADRESU WYDAWNICZEGO
Miejsce wydania Kraków :
Nazwa wydawcy/dystrybutora "Mediasat Poland",
Data publikacji, dystrybucji/powstania dokumentu [2004].
300 ## - STREFA OPISU FIZYCZNEGO
Objętość 156, [3] s. ;
Rozmiary 22 cm.
490 1# - STREFA SERII I DOKUMENTU WIELOCZĘŚCIOWEGO - FORMA NIE DO WYSZUKIWANIA
Tytuł i oznaczenie odpowiedzialności serii Kolekcja Gazety Wyborczej : XX wiek ;
Numeracja w obrębie serii 27
500 ## - UWAGI OGÓLNE
Tekst uwagi Tyt. oryg.: "Ostře sledované vlaky" 1965 ; Postřižiny 1976. 9
650 ## - HASŁO PRZEDMIOTOWE W FORMIE NAZWY OGÓLNEJ LUB JEDNOSTKOWEJ
Określnik chronologiczny 20 w.1
700 ## - HASŁO DODATKOWE - NAZWA OSOBOWA
Nazwa osobowa Piotrowski, Andrzej
Daty związane z nazwą (1931- ).
Określenie związku między hasłem a opisywanym materiałem Tł.
700 ## - HASŁO DODATKOWE - NAZWA OSOBOWA
Nazwa osobowa Hrabal, Bohumil
Daty związane z nazwą (1914-1997).
Tytuł dzieła Postrzyżyny
830 #0 - HASŁO DODATKOWE SERII LUB DOKUMENTU WIELOCZĘŚCIOWEGO - TYTUŁ UJEDNOLICONY
Tytuł ujednolicony Kolekcja Gazety Wyborczej ;
Oznaczenie tomu 27
856 ## - LOKALIZACJA I DOSTĘP DO ELEKTRONICZNYCH DOKUMENTÓW ZDALNYCH
Link (URL) http://koha.tu.koszalin.pl/cgi-bin/koha/opac-detail.pl?biblionumber=55664
Tekst linku Katalog online BPK
942 ## - DODATKOWE ELEMENTY (KOHA)
Typ dokumentu Książka
Egzemplarze
Wycofany Status egzemplarza Uszkodzony Dostępność Lokalizacja stała Lokalizacja bieżąca Miejsce przechowywania Sygnatura Kod kreskowy Typ dokumentu
      Dostępny Biblioteka Politechniki Koszalińskiej Biblioteka Politechniki Koszalińskiej Wypożyczalnia BG 89053 02442204 Książka
© 2023 Biblioteka Politechniki Koszalińskiej :: KOHA